Villes françaises par monument - Images (1) - Statistiques

Statistiques générales
  • Ce quiz a été pris 199 fois
  • Le résultat moyen est 10 sur 20
Statistiques - réponses
Par images Réponse % Correct
Marseille (Vieux Port)
98%
Paris (Arc de Triomphe)
98%
Nice (Promenade des Anglais)
89%
Strasbourg (Petite France)
85%
Lyon (Vieux Lyon)
76%
Toulouse (Capitole)
76%
Nîmes (Arènes)
75%
Avignon (Pont d'Avignon)
68%
Bordeaux (Place de la Bourse)
59%
Reims (Cathédrale Notre-Dame)
57%
Le Mans (Circuit des 24h)
55%
Nantes (Chateau des Ducs de Bretagne)
35%
Rouen (Gros Horloge)
33%
Lourdes (Sanctuaire Notre-Dame)
29%
Caen (Mémorial de Caen)
24%
Montpellier (Place de la Comédie)
24%
Lille (Palais des Beaux-arts)
21%
Orléans (Statue Jeanne d'Arc)
14%
Metz (Porte des Allemands)
4%
Rennes (Parc du Thaborl)
4%
Aucun quiz correspondant
Distribution des résultats
% des personnes avec chaque résultat
Percentile par nombre de réponses
Votre historique - résultats
Vous n’avez pas pris ce quiz